| 000 | 01512cam a2200337 a 4500 | ||
|---|---|---|---|
| 001 | 2543424 | ||
| 005 | 20000426111543.0 | ||
| 008 | 940930s1995 nyuab |rb 001 0 eng d | ||
| 010 | _a 94039621 | ||
| 020 |
_a007036687X (acidfree paper) : _c$18.75 |
||
| 040 |
_aDLC _cDLC _dDLC |
||
| 043 | _ae------ | ||
| 050 | 0 | 0 |
_aJN94.A91 _bG35 1995 |
| 082 | 0 | 0 |
_a321.8043094 _220 _bGAL |
| 100 | 1 |
_aGallagher, Michael, _d1951- _910788 |
|
| 245 | 1 | 0 |
_aRepresentative Government in Modern Europe / _cMichael Gallagher, Michael Laver, Peter Mair. |
| 250 | _a2nd ed. | ||
| 260 |
_aNew York : _bMcGraw-Hill, _cc1995. |
||
| 300 |
_axiv, 434 p. : _bill., maps ; _c24 cm. |
||
| 500 | _aRev. ed. of: Representative government in Western Europe. 1992. | ||
| 504 | _aIncludes bibliographical references and index. | ||
| 650 | 0 |
_aRepresentative government and representation _zEurope _xCase studies. _910789 |
|
| 650 | 0 |
_aPolitical parties _zEurope _xCase studies. _910790 |
|
| 651 | 0 |
_aEurope _xPolitics and government _y1945- _910791 |
|
| 700 | 1 |
_aLaver, Michael, _d1949- _910792 |
|
| 700 | 1 |
_aMair, Peter. _910793 |
|
| 700 | 1 |
_aGallagher, Michael, _cPh. D. _tRepresentative Government in Western Europe. _910794 |
|
| 942 |
_2ddc _cBB |
||
| 999 |
_c13238 _d13238 |
||